[Event "Acropolis Open"]
[Site "Athens GRE"]
[Date "2003.08.27"]
[Round "3"]
[White "Kotrotsos,V"]
[Black "Papatryfonos,C"]
[Result "1-0"]
[WhiteElo "2225"]
[BlackElo "2112"]

1.e4 d6 2.d4 Nf6 3.Nc3 c6 4.f4 Qa5 5.Bd3 e5 6.Nf3 Bg4 7.Be3 Nbd7 8.O-O exd4
9.Bxd4 Qb4 10.Ne2 d5 11.a3 Qa5 12.b4 Qc7 13.exd5 Nxd5 14.c4 Nxf4 15.Nxf4 Qxf4
16.Qe1+ Be6 17.Be3 Qd6 18.Rd1 Qe7 19.Qg3 h6 20.Nd4 O-O-O 21.c5 Nf6 22.Nxc6 Qc7
23.Nxa7+ Kd7 24.Bb5+  1-0

[Event "Acropolis Open"]
[Site "Athens GRE"]
[Date "2003.08.27"]
[Round "3"]
[White "Tziallilas,K"]
[Black "Kostopoulos,E"]
[Result "1-0"]
[WhiteElo "2141"]
[BlackElo "1983"]

1.e4 d6 2.d4 Nf6 3.Nc3 c6 4.f4 Qa5 5.Bd3 e5 6.Nf3 Bg4 7.Be3 Nbd7 8.O-O Be7
9.h3 Bxf3 10.Qxf3 exd4 11.Bxd4 O-O 12.Kh1 Rae8 13.Rae1 Bd8 14.Ne2 Nc5 15.Ng3 Nxd3
16.Qxd3 Qxa2 17.Ra1 Qe6 18.f5 Qe7 19.Rxa7 Qd7 20.b4 Be7 21.Raa1 h5 22.Qf3 h4
23.Nh5 Qd8 24.Nxg7 Kxg7 25.Qg4+ Kh6 26.Qxh4+ Nh5 27.f6  1-0

[Event "TCh-BIH"]
[Site "Neum BIH"]
[Date "2003.08.27"]
[Round "7"]
[White "Pasic,E"]
[Black "Muratovic,Ef"]
[Result "1/2-1/2"]
[WhiteElo "2257"]
[BlackElo "2360"]

1.e4 d6 2.d4 Nf6 3.Nc3 c6 4.f4 Bg4 5.Be2 Bxe2 6.Qxe2 e6 7.e5 Nfd7 8.Nf3 d5
9.f5 Be7 10.fxe6 fxe6 11.O-O O-O 12.Be3 Rf7 13.Qd2 h6 14.Ne2 Nf8 15.c3 Nbd7
16.Nf4 Qe8 17.g4 Qd8 18.Nh5 Nh7 19.Rf2 Bh4 20.Ng3 Qe7 21.Raf1 Raf8 22.Kg2 b5
23.h3 Bxg3 24.Kxg3 c5 25.h4 cxd4 26.cxd4 Nb6 27.b3 Qc7 28.Bxh6 gxh6 29.Qxh6 Rf6
30.Qh5 Nd7 31.g5 Kh8 32.gxf6 Nxf6 33.Qh6 Ne4+ 34.Kg2 Nxf2 35.Rxf2 Qf7 36.Qe3 Qf5
37.Ng5 Qg4+ 38.Kf1 Qd1+ 39.Kg2 Qg4+ 40.Kf1  1/2-1/2

[Event "XI Open A"]
[Site "Mislata ESP"]
[Date "2003.08.28"]
[Round "9"]
[White "Llorente Zaro,A"]
[Black "Garcia Fernandez,C"]
[Result "1/2-1/2"]
[WhiteElo "2245"]
[BlackElo "2381"]

1.e4 d6 2.d4 Nf6 3.Nc3 e5 4.dxe5 dxe5 5.Qxd8+ Kxd8 6.Bc4 Be6 7.Bxe6 fxe6
8.Nh3 Bd6 9.f3 a6 10.Be3 Nc6 11.Nf2 Ke7 12.Nd3 Nd7 13.Ne2 b5 14.a4 h6 15.h4 Na5
16.b3 c5 17.Bd2 b4 18.Nec1 Rab8 19.Rb1 Rhc8 20.c4 bxc3 21.Bxc3 Nc6 22.Nb2 Nd4
23.Nc4 Nb6 24.Rb2 Nxc4 25.bxc4 Rxb2 26.Bxb2 Rb8 27.Bc3 Nc2+ 28.Kd2 Na3 29.Kd3 Bc7
30.Na2 Rd8+ 31.Ke2 Nxc4 32.Rb1 Rb8 33.Rxb8 Bxb8 34.Kd3 Nb6 35.a5 Nd7 36.Kc4 Kd6
37.Nc1 Kc6 38.Nd3 g6 39.Be1 Bd6 40.Bd2 h5 41.g3 Bc7 42.Bc3 Bd8 43.Bd2 Be7
44.Be3 Bd8 45.Bd2 Kd6 46.Kb3 Nb8 47.Kc4 Nd7 48.Kb3  1/2-1/2

[Event "Acropolis WGM"]
[Site "Athens GRE"]
[Date "2003.08.29"]
[Round "5"]
[White "Dembo,Y"]
[Black "Voiska,M"]
[Result "1/2-1/2"]
[WhiteElo "2390"]
[BlackElo "2353"]

1.e4 d6 2.d4 Nf6 3.Nc3 e5 4.Nf3 Nbd7 5.Bc4 Be7 6.O-O O-O 7.Re1 c6 8.a4 a5
9.h3 exd4 10.Nxd4 Nc5 11.Qf3 Be6 12.Bf1 d5 13.exd5 Nxd5 14.Ne4 Nxe4 15.Qxe4 Bc5
16.c3 Re8 17.Bd3 g6 18.Bh6 Bd7 19.Qf3 Qh4 20.Rxe8+ Rxe8 21.Bd2 Bb6 22.Ne2 Qf6
23.Qxf6  1/2-1/2

[Event "Acropolis Open"]
[Site "Athens GRE"]
[Date "2003.08.29"]
[Round "5"]
[White "Efstathiou,D"]
[Black "Papatryfonos,C"]
[Result "0-1"]
[WhiteElo "2175"]
[BlackElo "2112"]

1.e4 d6 2.d4 Nf6 3.Nc3 c6 4.f4 Qa5 5.Bd3 e5 6.Nf3 Bg4 7.Be3 Nbd7 8.O-O Be7
9.h3 Bxf3 10.Qxf3 O-O 11.Ne2 Qc7 12.c3 b5 13.Ng3 g6 14.fxe5 dxe5 15.Bh6 Rfd8
16.Rad1 Bf8 17.Bg5 Bg7 18.Qe3 h6 19.Bxh6 exd4 20.Qf4 Qxf4 21.Bxf4 dxc3 22.bxc3 Re8
23.Bc2 Nc5 24.Rfe1 Nfd7 25.Ne2 Ne5 26.Nd4 Rac8 27.Bg3 a6 28.Re2 Nc4 29.Bf2 Ne6
30.Nxe6 Rxe6 31.Bd4 Ne5 32.Bb3 Ree8 33.Rf1 Rc7 34.Ref2 Nc4 35.Bxc4 bxc4 36.Bxg7 Kxg7
37.Rf4 Re5 38.Rd1 Ra5 39.e5 Rxa2 40.Rxc4 Rb7 41.Rdd4 Rbb2 42.Rg4 a5 43.Rxc6 a4
44.e6 fxe6 45.Rxe6 Kf7 46.Rexg6 Rc2 47.Ra6 a3 48.c4 Ra1+ 49.Kh2 a2 50.h4 Rf1
51.Rag6 a1=Q  0-1

[Event "Acropolis Open"]
[Site "Athens GRE"]
[Date "2003.08.31"]
[Round "7"]
[White "Kondopoulos,D"]
[Black "Alevizos,K"]
[Result "1-0"]
[WhiteElo "2128"]
[BlackElo "2015"]

1.e4 d6 2.d4 Nf6 3.Nc3 c6 4.f3 Nbd7 5.Be3 e5 6.Nge2 Be7 7.Qd2 O-O 8.O-O-O b5
9.Re1 Nb6 10.Bf2 Bb7 11.Ng3 exd4 12.Qxd4 c5 13.Qd2 b4 14.Nd1 d5 15.Nf5 d4
16.Qg5 g6 17.Bh4 Nbd7 18.e5 Nd5 19.Nxe7+ Nxe7 20.Qxe7 Qc7 21.Bc4 Rae8 22.Bxf7+  1-0

[Event "Polish Extraleague"]
[Site "Lubniewice POL"]
[Date "2003.08.31"]
[Round "2"]
[White "Wojtaszek,R"]
[Black "Izbinski,B"]
[Result "1/2-1/2"]
[WhiteElo "2462"]
[BlackElo "2303"]

1.e4 d6 2.d4 Nf6 3.Nc3 e5 4.Nf3 Nbd7 5.Bc4 Be7 6.O-O O-O 7.Qe2 c6 8.a4 b6
9.Rd1 Qc7 10.Ba2 Bb7 11.dxe5 dxe5 12.Nh4 Nc5 13.Nf5 Rfd8 14.Bg5 Rxd1+ 15.Rxd1 Rd8
16.Rxd8+ Qxd8 17.Qf3 Bc8 18.h3 Be6 19.Bxe6 Nxe6 20.Bh4 Nf4 21.Bg3 Ng6 22.Nxe7+ Qxe7
23.Qf5 Nd7 24.b3 Qd6 25.Qg5 Qd4 26.Qe3 Qxe3 27.fxe3 a6 28.Kf2 Kf8 29.Kf3 Ke7
30.Be1 Ke6 31.g3 h5 32.Na2 Ngf8 33.Nb4 Nb8 34.Nd3 Nbd7 35.Nb4 Nb8  1/2-1/2

[Event "Acropolis Open"]
[Site "Athens GRE"]
[Date "2003.09.01"]
[Round "8"]
[White "Tzermiadianos,Ang"]
[Black "Papatryfonos,C"]
[Result "1-0"]
[WhiteElo "2201"]
[BlackElo "2112"]

1.e4 d6 2.d4 Nf6 3.Nc3 c6 4.f4 Qa5 5.Bd3 e5 6.Nf3 Bg4 7.Be3 Nbd7 8.O-O Be7
9.Qe1 Bxf3 10.Rxf3 Ng4 11.Kh1 Nxe3 12.Qxe3 Qb6 13.Ne2 Bf6 14.c3 c5 15.fxe5 dxe5
16.d5 Qxb2 17.Rb1 Qxa2 18.Nc1 Qa3 19.Rxb7 Rb8 20.Rxb8+ Nxb8 21.Bb5+ Ke7 22.Rf2 c4
23.Ra2 Qd6 24.Rxa7+ Kf8 25.Rb7 g6 26.Qa7 Kg7 27.Rxf7+ Kh6 28.Qe3+  1-0

[Event "1st League TCh-SCG"]
[Site "Budva SCG"]
[Date "2003.09.01"]
[Round "4"]
[White "Djukic,Ni"]
[Black "Solak,D"]
[Result "1-0"]
[WhiteElo "2396"]
[BlackElo "2521"]

1.e4 d6 2.d4 Nf6 3.Nc3 e5 4.Nf3 Nbd7 5.Bc4 Be7 6.O-O O-O 7.Re1 c6 8.a4 b6
9.b3 a6 10.Bb2 Bb7 11.Bd3 Qc7 12.Ne2 Rfe8 13.Ng3 Bf8 14.Qd2 g6 15.Rad1 Rad8
16.c4 Bg7 17.Qc1 Nf8 18.c5 dxc5 19.dxc5 b5 20.axb5 cxb5 21.b4 N6d7 22.Nf1 Nb8
23.Ne3 Ne6 24.Bb1 Nd4 25.Nd5 Nxf3+ 26.gxf3 Qc8 27.Qg5 Kh8 28.Rd2 Nc6 29.Ba2 Qh3
30.Rd3 f5 31.Red1 Nd4 32.Bxd4 exd4 33.Nf4 Qh6 34.Ne6 fxe4 35.Qxh6 Bxh6 36.Nxd8  1-0

[Event "ch-IRI"]
[Site "Mashad IRI"]
[Date "2003.09.01"]
[Round "10"]
[White "Khaghani,M"]
[Black "Darban,M"]
[Result "1/2-1/2"]
[WhiteElo "2212"]
[BlackElo "2341"]

1.e4 d6 2.d4 Nf6 3.Nc3 c6 4.f4 Qa5 5.Bd2 e5 6.fxe5 dxe5 7.dxe5 Ng4 8.Qf3 Bc5
9.Nh3 O-O 10.Qg3 Be6 11.Nd5 Qd8 12.Ndf4 Qe7 13.Nd3 Nd7 14.Be2 Ngxe5 15.Bc3 f6
16.Nhf4 Bf7 17.Nxc5 Nxc5 18.Bd3 Nxe4 19.Bxe4 Ng6 20.O-O Qxe4 21.Rae1 Qxc2
22.Nh5 Rae8 23.Rxf6 Rxe1+ 24.Qxe1 Re8 25.Qf1 gxf6 26.Nxf6+ Kf8 27.Nxh7+ Ke7
28.Qf6+ Kd7 29.Qxf7+ Re7 30.Qxg6 Qc1+ 31.Kf2 Qf4+ 32.Kg1 Qe3+ 33.Kf1  1/2-1/2

[Event "ch-ROM"]
[Site "Satu Mare ROM"]
[Date "2003.09.01"]
[Round "1.1"]
[White "Moraru,M"]
[Black "Badea,B"]
[Result "1-0"]
[WhiteElo "2341"]
[BlackElo "2499"]

1.e4 d6 2.d4 Nf6 3.Nc3 e5 4.dxe5 dxe5 5.Qxd8+ Kxd8 6.Bc4 Ke8 7.Nf3 Bd6 8.Be3 a6
9.a4 Nc6 10.h3 Bb4 11.Bd2 Be6 12.Nd5 Bxd2+ 13.Nxd2 Bxd5 14.exd5 Ne7 15.O-O-O Nfxd5
16.Rhe1 f6 17.Ne4 Rd8 18.Nc5 b5 19.Bxd5 Rxd5 20.Nxa6 Kf7 21.Rxd5 Nxd5 22.axb5 Rc8
23.g3 Ke7 24.c4 Nb6 25.c5 Nd7 26.Kc2 Nf8 27.Kb3 Ne6 28.Kc4 Rd8 29.b6 cxb6
30.cxb6 Rd4+ 31.Kb5 Rd5+ 32.Ka4 Rd6 33.Nb4 Kd7 34.Kb5 Kc8 35.Ra1 Nd4+ 36.Kc5 Rd7
37.Ra8+ Kb7 38.Ra7+ Kc8 39.Rxd7 Kxd7 40.b7 Kc7 41.b8=Q+ Kxb8 42.Nc6+ Nxc6
43.Kxc6  1-0

[Event "1st League TCh-SCG"]
[Site "Budva SCG"]
[Date "2003.09.02"]
[Round "5"]
[White "Pavlovic,Dej"]
[Black "Pikula,D"]
[Result "0-1"]
[WhiteElo "2244"]
[BlackElo "2489"]

1.e4 d6 2.d4 Nf6 3.Nc3 e5 4.Nf3 Nbd7 5.Bc4 Be7 6.O-O O-O 7.Re1 c6 8.a4 a5
9.Ba2 exd4 10.Nxd4 Nc5 11.h3 Be6 12.Qf3 Nfd7 13.Nf5 Bxf5 14.Qxf5 Bf6 15.Bc4 Qe7
16.Bd2 g6 17.Qf4 Rfe8 18.Bf1 Be5 19.Qh6 Bd4 20.Rad1 Ne6 21.Bc1 Qf6 22.Be3 Be5
23.Ne2 Qe7 24.Bc1 Ndc5 25.Qe3 Nxa4 26.b3 Nac5 27.f4 Bg7 28.Ba3 Nc7 29.Ng3 Nd5
30.exd5 Qxe3+ 31.Rxe3 Rxe3 32.Kf2 Rc3 33.Rc1 Bd4+  0-1

[Event "1st League TCh-SCG"]
[Site "Budva SCG"]
[Date "2003.09.02"]
[Round "5"]
[White "Savic,Miod1"]
[Black "Strikovic,A"]
[Result "0-1"]
[WhiteElo "2526"]
[BlackElo "2520"]

1.e4 d6 2.d4 Nf6 3.Nc3 e5 4.Nge2 Nbd7 5.g3 g6 6.Bg2 Bg7 7.dxe5 dxe5 8.h3 O-O
9.Be3 c6 10.O-O Re8 11.Qe1 b5 12.Rd1 Qe7 13.Nc1 a5 14.Nd3 Ba6 15.f3 Rac8
16.Ne2 b4 17.b3 c5 18.c4 Nf8 19.h4 Bb7 20.Qf2 N6d7 21.Bh3 Rc7 22.Rd2 f5 23.exf5 e4
24.Bg5 e3 25.Qg2 Qf7 26.fxg6 Nxg6 27.Rdd1 Nde5 28.Nxe5 Nxe5 29.Bf4 Qh5 30.Bxe5 Qxe5
31.Rfe1 Bh6 32.Rf1 Qb2 33.Rd6 Bg7 34.Re6 Rce7 35.Nf4 Bd4 36.Qxb2 e2+ 37.Qxd4 exf1=Q+
38.Bxf1 cxd4 39.Rxe7 Rxe7 40.Kf2 Re3 41.Be2 Kf7 42.g4 Kf6 43.Nh5+ Ke5 44.g5 Rc3
45.Bd1 Rc1 46.Be2 Rc2 47.Ke1 Rxa2 48.Nf6 Kf4 49.Bd1 Bxf3 50.Bxf3 Kxf3 51.c5 Rc2
52.Nxh7 a4 53.Kd1 d3  0-1

[Event "Open"]
[Site "Sharjah UAE"]
[Date "2003.09.02"]
[Round "7"]
[White "Ahmed,I"]
[Black "Velikhanli,F"]
[Result "0-1"]
[WhiteElo "1973"]
[BlackElo "2339"]

1.e4 d6 2.d4 Nf6 3.Nc3 c6 4.Bd3 e5 5.Nge2 g6 6.O-O Bg7 7.h3 O-O 8.Be3 Nbd7
9.Qd2 Re8 10.Bh6 Bh8 11.Kh1 b5 12.a3 a6 13.f4 exd4 14.Nxd4 c5 15.Ndxb5 axb5
16.Bxb5 Ba6 17.Bxa6 Rxa6 18.Rae1 Qa8 19.Qd3 Rb6 20.b3 Qa6 21.Qf3 Qb7 22.Qd3 Bg7
23.Bxg7 Kxg7 24.a4 Rb4 25.Qxd6 Rd4 26.Nd5 Nxe4 27.f5 Nxd6  0-1

[Event "European GP"]
[Site "Izmir TUR"]
[Date "2003.09.03"]
[Round "9"]
[White "Comez,K"]
[Black "Klinova,M"]
[Result "1/2-1/2"]
[WhiteElo "2215"]
[BlackElo "2388"]

1.e4 d6 2.d4 Nf6 3.Nc3 c6 4.a4 Nbd7 5.g3 e5 6.Bg2 Be7 7.Nge2 O-O 8.O-O Re8
9.h3 Bf8 10.Be3 b6 11.g4 Ba6 12.Re1 Bxe2 13.Rxe2 h6 14.Rd2 Rc8 15.f4 exf4
16.Bxf4 Qe7 17.Qf3 Nh7 18.Rf1 Ng5 19.Bxg5 hxg5 20.Rdf2 f6 21.Qf5 Qe6 22.Qg6 Be7
23.e5 dxe5 24.Be4 Nf8 25.Bf5  1/2-1/2

[Event "V Open"]
[Site "Sants ESP"]
[Date "2003.09.03"]
[Round "5"]
[White "Sprenger,J"]
[Black "Pons Carreras,D"]
[Result "1/2-1/2"]
[WhiteElo "2492"]
[BlackElo "2248"]

1.e4 d6 2.d4 Nf6 3.Nc3 c6 4.f4 Qa5 5.Bd2 e5 6.Nd5 Qd8 7.Nxf6+ Qxf6 8.Nf3 exd4
9.Bc4 Bg4 10.O-O Nd7 11.e5 Qf5 12.Qe1 Bxf3 13.Rxf3 O-O-O  1/2-1/2

[Event "56th ch-RUS"]
[Site "Krasnoyarsk RUS"]
[Date "2003.09.04"]
[Round "2"]
[White "Aseev,K"]
[Black "Zablotsky,S"]
[Result "1/2-1/2"]
[WhiteElo "2522"]
[BlackElo "2410"]

1.e4 d6 2.d4 Nf6 3.Nc3 e5 4.Nf3 Nbd7 5.Bc4 Be7 6.O-O O-O 7.Re1 c6 8.a4 b6
9.Bg5 h6 10.Bh4 Nh5 11.Bxe7 Qxe7 12.g3 g6 13.Qd2 Qf6 14.Be2 Kh7 15.Rad1 Re8
16.Qe3 Ng7 17.Rd2 Nf8 18.Red1 Bg4 19.Kg2 Qe7 20.d5 Bxf3+ 21.Qxf3 c5 22.a5 f5
23.Bd3 f4 24.Bb5 Nd7 25.Bc6 Rad8 26.axb6 axb6 27.Ra1 fxg3 28.fxg3 Qg5 29.Re2 Nh5
30.Kh1 Rf8 31.Qe3 Qg4 32.Rf2 Ndf6 33.Bb5 Ra8 34.Re1 Qh3 35.Bf1 Qd7 36.Be2 Kg7
37.Ref1 Qh3 38.Kg1 Nf4 39.Bf3 Ng4 40.Bxg4 Qxg4 41.Kh1 Qh3 42.Qd2 Nh5 43.Rxf8 Rxf8
44.Rxf8 Kxf8 45.Qxh6+ Kf7 46.Kg1 Qg4 47.Qe3 Ke7 48.Qe2 Qg5 49.Nd1 Qc1 50.c4 Nf6
51.Kg2 Kf7 52.Nf2 Kg7 53.h4 Qb1 54.g4 Qc1 55.b3 Qf4 56.Qf3 Qd2 57.Kf1 Qc1+
58.Kg2 Qd2 59.Kg3 Qe1 60.Kg2 Qd2  1/2-1/2

[Event "Polish Extraleague"]
[Site "Lubniewice POL"]
[Date "2003.09.04"]
[Round "6"]
[White "Jasik,K"]
[Black "Izbinski,B"]
[Result "1/2-1/2"]
[WhiteElo "2343"]
[BlackElo "2303"]

1.e4 d6 2.d4 Nf6 3.Nc3 e5 4.Nf3 Nbd7 5.Bc4 Be7 6.O-O O-O 7.h3 c6 8.dxe5 dxe5
9.Qe2 b5 10.Bb3 Qc7 11.Bg5 a5 12.a4 b4 13.Bxf6 Bxf6 14.Nb1 Nc5 15.Bc4 Ne6
16.Nbd2 Nf4 17.Qe3 Be7 18.Rfd1 Kh8 19.Bf1 Ne6 20.Nb3 c5  1/2-1/2

[Event "1st League TCh-SCG"]
[Site "Budva SCG"]
[Date "2003.09.05"]
[Round "7"]
[White "Markovic,Miros"]
[Black "Ivanisevic,I"]
[Result "0-1"]
[WhiteElo "2525"]
[BlackElo "2563"]

1.e4 d6 2.d4 Nf6 3.Nc3 e5 4.Nf3 Nbd7 5.g3 c6 6.Bg2 b5 7.a3 Bb7 8.O-O g6 9.Re1 Bg7
10.d5 cxd5 11.exd5 O-O 12.Nxb5 Nb6 13.Nd2 Bxd5 14.Bxd5 Nfxd5 15.Ne4 a6 16.Nbxd6 f5
17.Nb7 Qc7 18.Ned6 Qc6 19.Bd2 Nc8 20.c4 Nxd6 21.Na5 Qc5 22.cxd5 Ne4 23.Rf1 Qxd5
24.Bb4 Rfd8 25.Qxd5+ Rxd5 26.Rad1 Rad8 27.Rxd5 Rxd5 28.Rc1 Ng5 29.Rc8+ Kf7
30.Rc7+ Kg8 31.Kg2 Rd3 32.Nc6 Bf6 33.Bc3 Ne4 34.Nb4 Rd6 35.Be1 Rd1 36.Kf1 Rb1
37.Rc2 Ng5 38.Rc8+ Kf7 39.Rc7+ Ke8 40.Nd5 Bd8 41.Rc3 e4 42.Ke2 Nf3  0-1

[Event "1st League TCh-SCG"]
[Site "Budva SCG"]
[Date "2003.09.05"]
[Round "7"]
[White "Pavlovic,Dej"]
[Black "Strikovic,A"]
[Result "1-0"]
[WhiteElo "2244"]
[BlackElo "2520"]

1.e4 d6 2.d4 Nf6 3.Nc3 e5 4.Nf3 Nbd7 5.Bc4 Be7 6.O-O c6 7.Re1 b5 8.Bd3 O-O
9.a4 b4 10.Ne2 Re8 11.Ng3 Bf8 12.a5 exd4 13.Nxd4 c5 14.Ndf5 a6 15.b3 Ne5
16.Bb2 g6 17.Ne3 Bb7 18.Nc4 Nxc4 19.Bxc4 Bg7 20.Qf3 Qe7 21.Rad1 Rad8 22.Qd3 d5
23.Bxf6 Bxf6 24.Bxd5 Bxd5 25.exd5 Qxe1+ 26.Rxe1 Rxe1+ 27.Nf1 Rd6 28.g4 Bd4
29.Kg2 Re5 30.Ng3 Rexd5 31.Ne4 Rc6 32.c3 bxc3 33.Nxc3 Rg5 34.h3 Bxc3 35.Qd8+ Kg7
36.Qxg5 Bd4 37.Qd5 Rf6 38.f3 Be3 39.Qe5 Bd4 40.Qd5 Be3 41.h4 h6 42.Qe5 Bd4
43.Qe2 Re6 44.Qc4 Rd6 45.f4 Kf6 46.b4 cxb4 47.Qxb4 Ke6 48.Qc4+ Ke7 49.Kf3 Bf6
50.Qc7+ Rd7 51.Qc5+ Rd6 52.g5 hxg5 53.hxg5 Bd4 54.Qc7+ Ke6 55.Ke4 Ba1 56.Qc4+ Ke7
57.Qc7+ Ke6 58.Qc8+ Ke7 59.Kf3 Bd4 60.Qc7+ Ke6 61.Kg4 Bg7 62.Qc8+ Ke7 63.f5 gxf5+
64.Kxf5 Rd5+ 65.Kg4 Rd6 66.Kf5 Rd5+ 67.Kf4 Rd4+ 68.Kf5 Rd5+ 69.Ke4 Rd6 70.Qc7+ Rd7
71.Qc5+ Rd6 72.Kf5 Bd4 73.Qc7+ Rd7 74.Qc6 Rd6 75.Qb7+ Kf8 76.Qc7  1-0

[Event "1st League TCh-SCG"]
[Site "Budva SCG"]
[Date "2003.09.06"]
[Round "8"]
[White "Marjanovic,Slavo"]
[Black "Damljanovic,B"]
[Result "1-0"]
[WhiteElo "2511"]
[BlackElo "2589"]

1.e4 d6 2.d4 Nf6 3.Nc3 e5 4.Nf3 Nbd7 5.Bc4 Be7 6.O-O O-O 7.Re1 c6 8.a4 b6
9.Bg5 a6 10.d5 c5 11.Bf1 h6 12.Bc1 Nh7 13.Rb1 Qc7 14.h3 Ndf6 15.Nh4 Re8 16.Nf5 Bf8
17.Qf3 Kh8 18.g4 Ng8 19.Qg3 g6 20.Ne3 Bg7 21.Nc4 Bd7 22.b4 cxb4 23.Rxb4 Reb8
24.Rb3 Ngf6 25.f4 b5 26.axb5 axb5 27.fxe5 bxc4 28.Rxb8+ Qxb8 29.exf6 Bxf6
30.Bf4 Bd4+ 31.Kh1 Qb2 32.Nd1 Qxc2 33.Bxd6 Ng5 34.Be5+ Bxe5 35.Qxe5+ Kg8
36.Qc3 Ra2 37.Qxc2 Rxc2 38.Ne3 Rc3 39.Bg2 f6 40.d6 Kf7 41.h4 Nh7 42.e5 fxe5
43.Bd5+ Kg7 44.Nxc4  1-0

[Event "1st League TCh-SCG"]
[Site "Budva SCG"]
[Date "2003.09.07"]
[Round "9"]
[White "Ivanovic,B"]
[Black "Strikovic,A"]
[Result "1/2-1/2"]
[WhiteElo "2512"]
[BlackElo "2520"]

1.e4 d6 2.d4 Nf6 3.Nc3 e5 4.Nf3 Nbd7 5.Bc4 Be7 6.O-O O-O 7.Re1 c6 8.a4 b6
9.b3 a6 10.Ba3 b5 11.dxe5 dxe5 12.Bxe7 Qxe7 13.axb5 cxb5 14.Bxb5 Qc5 15.Bc4 Nb6
16.Na4 Nxa4 17.Rxa4 Bb7 18.Qd3 Rad8 19.Qe3 Qc7 20.Bd3 h6 21.h3 Rfe8 22.Rea1 Re6
23.Rc4 Qe7 24.Nh4 Qd7 25.Rb4 Rc6 26.Nf5 Kh7 27.Ra5 Qc7 28.Raa4 Bc8 29.Ng3 Nd7
30.Ra1 Nc5 31.Bc4 Be6 32.Bd5 Bxd5 33.exd5 Rxd5 34.Rc4 g6 35.Rh4 h5 36.Nxh5 gxh5
37.b4 Rh6 38.Rc4 Rg6 39.bxc5 Kg7 40.c6 Rxc6 41.Qg5+ Kf8 42.Rxc6 Qxc6 43.Qxh5 Qxc2
44.Qh8+ Ke7 45.Rxa6 Qb1+ 46.Kh2 Qf5 47.Qh4+ f6 48.Ra7+ Ke6 49.Ra4 Kf7 50.Qc4 Qe6
51.Ra7+ Kg6  1/2-1/2

[Event "1st League TCh-SCG"]
[Site "Budva SCG"]
[Date "2003.09.08"]
[Round "10"]
[White "Boskovic,D"]
[Black "Ivanisevic,I"]
[Result "1/2-1/2"]
[WhiteElo "2402"]
[BlackElo "2563"]

1.e4 d6 2.d4 Nf6 3.Nc3 e5 4.Nf3 Nbd7 5.Bc4 Be7 6.O-O c6 7.a4 Qa5 8.dxe5 Nxe5
9.Nxe5 Qxe5 10.Qe2 Be6 11.Bd3 Qh5 12.Qxh5 Nxh5 13.f4 Nf6 14.Ne2 d5 15.exd5 Nxd5
16.f5 Bd7 17.Nf4 O-O 18.Nxd5 cxd5 19.Be3 Bf6 20.c3 Rfe8 21.Bf2 Bc6 22.Rfd1 h5
23.Bd4 a5 24.Kf2 Kh7 25.Be2 Kh6 26.Bxf6 gxf6 27.Rd4 Re5 28.Rf4 Re4 29.g3 Rd8
30.Rxe4 dxe4 31.Rd1 Re8 32.Ke3 Re5 33.Rf1 Bxa4 34.Rf4 Bd7 35.Rh4 Rxf5 36.Bg4 Rd5
37.Bxd7 Rxd7 38.Rxe4 Rd1 39.Ra4 Rb1 40.Rxa5 Rxb2 41.h4 Kg6 42.Rc5 b6 43.Rc7 Rc2
44.Kf4 Rf2+ 45.Ke3 Rf5 46.Rb7 Re5+ 47.Kf4 b5 48.Rc7  1/2-1/2

[Event "TCh-CRO"]
[Site "Rabac CRO"]
[Date "2003.09.09"]
[Round "3"]
[White "Vitic,I"]
[Black "Biti,O"]
[Result "1-0"]
[WhiteElo "2336"]
[BlackElo "2376"]

1.e4 d6 2.d4 Nf6 3.Nc3 e5 4.Nf3 Nbd7 5.Bc4 Be7 6.O-O O-O 7.a4 a5 8.Re1 c6
9.h3 exd4 10.Nxd4 Nc5 11.Bf4 Qb6 12.b3 Be6 13.Bf1 Rad8 14.Qf3 Qb4 15.Rad1 d5
16.exd5 Nxd5 17.Nxd5 Bxd5 18.Qg4 Bf6 19.Be3 Rfe8 20.Nxc6 Qxg4 21.hxg4 Rxe3
22.Nxd8 Rxe1 23.Rxe1 Kf8 24.Bb5 g6 25.f3 Kg7 26.Rd1 Bxd8 27.Rxd5 Bc7 28.Kf1 b6
29.Bc4 h6 30.Ke2 Kf6 31.c3 Ke7 32.Kd1 f6 33.Kc2 Ne6 34.Rd2 Nf4 35.g3 Nh3
36.Re2+ Kd7 37.Re6 Bxg3 38.Rxf6 Nf4 39.Rxb6 h5 40.gxh5 gxh5 41.Rh6 h4 42.Bf1 Ke7
43.Kd2 Kf7 44.Ke3 Kg7 45.Ra6 h3 46.Bxh3 Nxh3 47.Rxa5 Be1 48.Rh5 Bf2+ 49.Ke4  1-0

[Event "14th ch-NATO"]
[Site "Hoevelte DEN"]
[Date "2003.09.10"]
[Round "3"]
[White "Cooper,L"]
[Black "Schott,G"]
[Result "1/2-1/2"]
[WhiteElo "2335"]
[BlackElo "2191"]

1.e4 d6 2.d4 Nf6 3.Nc3 c6 4.Nf3 Bg4 5.Be2 Nbd7 6.O-O e5 7.a4 Be7 8.Be3 O-O
9.Nd2 Bxe2 10.Qxe2 Re8 11.Qf3 Qa5 12.Rfd1 exd4 13.Bxd4 Bf8 14.Nb3 Qg5 15.Re1 d5
16.exd5 cxd5 17.Red1 Ne5 18.Qg3 Qf5 19.Bxe5 Rxe5 20.Nd4 Qh5 21.Nf3 Rf5 22.Rd4 Bc5
23.Rh4 Qg6 24.Qxg6 hxg6 25.a5 g5 26.Rha4 Re8 27.h3 Ne4 28.Nd1 Ng3 29.b4 Ne2+
30.Kf1 Bd4 31.R1a3 a6 32.Nxd4 Nxd4 33.Ne3 Rfe5 34.Rd3 Nb5 35.Ra1 d4 36.Nc4 R5e6
37.Na3 Nxa3 38.Rdxa3 Rc8 39.R1a2 Rc4 40.Rb2 f6 41.g3 Re5 42.Rab3 Rb5 43.Ke2 Rc6  1/2-1/2

[Event "TCh-CRO"]
[Site "Rabac CRO"]
[Date "2003.09.11"]
[Round "5"]
[White "Rogulj,B"]
[Black "Jusic,Z"]
[Result "1-0"]
[WhiteElo "2411"]
[BlackElo "2412"]

1.e4 d6 2.d4 Nf6 3.Nc3 c6 4.f4 Qa5 5.Bd3 e5 6.Nf3 Nbd7 7.O-O Be7 8.h3 Qb6
9.Na4 Qa5 10.b3 b5 11.Bd2 Qc7 12.Nc3 exd4 13.Nxd4 g6 14.a4 b4 15.Nce2 Nc5
16.Nxc6 Nxd3 17.Nxe7 Qc5+ 18.Kh2 Nf2 19.Qe1 N2g4+ 20.hxg4 Nxg4+ 21.Kg3 Kxe7
22.Bxb4 Qxc2 23.Nd4 Qd3+ 24.Rf3 Qxd4 25.Bc3 Qc5 26.Bxh8 h5 27.Rc3 h4+ 28.Kf3 Qh5
29.Bd4 Ba6 30.Rc7+ Kf8 31.Rxa7 Rxa7 32.Bxa7 h3 33.Bg1 d5 34.Kg3 h2 35.Bd4 g5
36.Qb4+ Ke8 37.Qb8+ Kd7 38.fxg5 h1=Q 39.Rxh1 Qxh1 40.Qa7+ Ke8 41.Qa8+ Kd7
42.Qxd5+ Ke8 43.Qc6+ Kf8 44.Qa8+ Ke7 45.Bc5+ Kd7 46.Qd5+ Ke8 47.Qc6+ Kd8
48.Qb6+ Ke8 49.Qb8+ Kd7 50.Qd6+  1-0

[Event "EYg16"]
[Site "Budva YUG"]
[Date "2003.09.13"]
[Round "1"]
[White "Pambalou,F"]
[Black "Fominykh,M"]
[Result "0-1"]
[WhiteElo "2046"]
[BlackElo "2237"]

1.e4 d6 2.d4 Nf6 3.Nc3 e5 4.dxe5 dxe5 5.Qxd8+ Kxd8 6.Bc4 Be6 7.Bxe6 fxe6
8.Be3 Bd6 9.f3 Nbd7 10.O-O-O a6 11.Na4 Ke7 12.Nh3 b5 13.Nc3 c5 14.Rd2 Rhc8
15.Rhd1 Rc6 16.Ng5 h6 17.Nh3 Bc7 18.Ne2 c4 19.f4 Nxe4  0-1

[Event "EYb16"]
[Site "Budva YUG"]
[Date "2003.09.16"]
[Round "4"]
[White "Vicol,D"]
[Black "Bove,A"]
[Result "0-1"]
[WhiteElo "2194"]
[BlackElo "2129"]

1.e4 d6 2.d4 Nf6 3.Nc3 c6 4.a4 Qc7 5.h3 e5 6.Be3 Nbd7 7.Nge2 Be7 8.g3 a5
9.Bg2 h6 10.O-O g5 11.f4 gxf4 12.gxf4 Nh5 13.Qe1 Rg8 14.Qf2 Ndf6 15.dxe5 Bxh3
16.exf6 Rxg2+ 17.Qxg2 Bxg2 18.Kxg2 Nxf6 19.Ng3 Ng4 20.Bg1 O-O-O 21.Kf3 Rg8
22.Rad1 Qd7 23.Nf5 Bf8 24.Ke2 Nf6 25.Ne3 Qe6 26.e5 dxe5 27.f5 Qe8 28.Nc4 Bb4
29.Bb6 Qe7 30.Bxa5 Bxa5 31.Nxa5 Qc5 32.Nb3 Qc4+ 33.Kd2 Nd5 34.Rf3 e4 35.Rh3 e3+
36.Kc1 Nxc3 37.bxc3 e2 38.Re1 Qf4+ 39.Kb2 Rg2 40.Nc1 Qd2 41.Rhh1 h5 42.Nd3 Rg3
43.Kb3 h4 44.a5 h3 45.a6 bxa6 46.Ra1 Kc7 47.Rac1 Kd6 48.Kc4 c5 49.Ra1 Rg4+
50.Kb3 c4+ 51.Kb2 cxd3 52.Rxa6+ Ke5 53.Ra5+ Kf6 54.Ra6+ Kg5  0-1

[Event "EYb18"]
[Site "Budva YUG"]
[Date "2003.09.19"]
[Round "6"]
[White "Kalata,P"]
[Black "Gasthofer,A"]
[Result "0-1"]
[WhiteElo "2255"]
[BlackElo "2412"]

1.e4 d6 2.d4 Nf6 3.Nc3 Nbd7 4.Nf3 e5 5.Bc4 Be7 6.O-O O-O 7.Re1 c6 8.a4 Qc7
9.Bb3 a5 10.h3 h6 11.Be3 Re8 12.Qe2 Bf8 13.dxe5 Nxe5 14.Nd4 Ned7 15.Qc4 Nc5
16.Bf4 b6 17.Nxc6 Be6 18.Qb5 Nxb3 19.cxb3 Bd7 20.Nd5 Qxc6 21.Qxc6 Bxc6 22.Nc7 Nxe4
23.Nxa8 Rxa8 24.Rac1 Nc5 25.Red1 Rd8 26.Be3 Bd7 27.b4 axb4 28.a5 Rb8 29.axb6 Be6
30.Ra1 g5 31.f4 Be7 32.fxg5 hxg5 33.Bxc5 dxc5 34.Ra7 Bf6 35.b7 Kg7 36.Rd2 Bd4+
37.Kf1 Bd5 38.Ra5 Bc4+ 39.Ke1 Rxb7  0-1

[Event "EYg16"]
[Site "Budva YUG"]
[Date "2003.09.19"]
[Round "6"]
[White "Malysheva,P"]
[Black "Fominykh,M"]
[Result "0-1"]
[WhiteElo "2157"]
[BlackElo "2237"]

1.e4 d6 2.d4 Nf6 3.Nc3 e5 4.Nf3 Nbd7 5.Bc4 Be7 6.O-O O-O 7.Re1 c6 8.a4 Qc7
9.Ba2 b6 10.h3 a6 11.Nh4 Re8 12.Nf5 Bf8 13.Bg5 h6 14.Bh4 g6 15.dxe5 dxe5
16.Ne3 Nh5 17.Bg3 Nc5 18.Ng4 Bg7 19.b4 Ne6 20.b5 Nxg3 21.fxg3 Qe7 22.Kh2 Qc5
23.Qd3 h5 24.Ne3 axb5 25.axb5 Ra3 26.Bb3 Rxa1 27.Rxa1 Rd8 28.Qc4 Qxe3 29.Qxc6 Bd7  0-1

[Event "EYg18"]
[Site "Budva YUG"]
[Date "2003.09.20"]
[Round "7"]
[White "Costantini,L"]
[Black "Bashkite,V"]
[Result "1-0"]
[WhiteElo "2075"]
[BlackElo "2117"]

1.e4 d6 2.d4 Nf6 3.Nc3 c6 4.Nf3 Bg4 5.h3 Bh5 6.Bd3 Bxf3 7.Qxf3 e5 8.dxe5 dxe5
9.Qg3 Nbd7 10.O-O Qc7 11.Be3 g6 12.Kh1 Bg7 13.Rad1 O-O 14.Bc4 b5 15.Bd3 Rfd8
16.Qh4 Nh5 17.Ne2 h6 18.f4 exf4 19.Nxf4 Nxf4 20.Bxf4 Ne5 21.Bxh6 Bxh6 22.Qxh6 Nxd3
23.cxd3 Qe5 24.Qf4 Qxf4 25.Rxf4 Rd4 26.Rdf1 Rf8 27.R4f3 c5 28.b3 c4 29.dxc4 bxc4
30.e5 cxb3 31.axb3 Re4 32.Ra1 Rxe5 33.Rxa7 Rb5 34.Kg1 Kg7 35.Kf2 Kh6 36.g4 f5
37.h4 Rh8 38.gxf5 Rxf5 39.Rb7 Kh5 40.Rxf5+ gxf5 41.Rb4 Kg6 42.Kg3 Kf6 43.Rb5 Rg8+
44.Kf3 Rg4 45.h5 Rh4 46.h6 Kg5 47.Rb6 Rh3+ 48.Kg2 Rh4 49.b4 Kf4 50.b5 Rg4+
51.Kf2 Ke5 52.Rc6 Kd5 53.h7 Rh4 54.Rc7 Kd6 55.b6 f4 56.Kf3 Rh1 57.Kxf4 Rh4+
58.Kf5 Rh6 59.Kg5 Rh1 60.Kf6 Rh2 61.Kg7 Rg2+ 62.Kf8 Rh2 63.Kg8  1-0